00667nam a22002177a 450000500170000001000150001702000260003203500130005803500130007103700130008408200110009710000200010824500610012826000350018927000570022430000380028150000500031965000280036965000350039770000170043220100821143835.0 aENG-101166 a9788180940019c300.00 aEN-84699 aG-001291 bDBAD/PUB a660.63 aBhaskar, Anusha aEnzyme technology /cby Anusha Bhaskar [and] V.G. Vidhya aChennaibMJP Publishers c2009 a47, Nallathambi Street, Triplicane bChennaie600005 axxi,634p.c21cm (pbk)eb&w photos aIncludes bibliographical references and index aBiochemical engineering aEnzyme industrial applications aVidhya, V.G.